Indonesian Provincial Capitals & Largest Cities - Statistics

General Stats
  • This quiz has been taken 54 times
  • The average score is 34 of 46
Answer Stats
Province Capital % Correct
Bali Denpasar
100%
Jakarta Jakarta
96%
East Java Surabaya
96%
Aceh Banda Aceh
94%
Central Java Semarang
91%
Yogyakarta Yogyakarta
91%
Gorontalo Gorontalo
89%
Jambi Jambi
89%
South Sulawesi Makassar
89%
West Java Bandung
87%
Papua Jayapura
87%
Bengkulu Bengkulu
85%
North Sumatra Medan
85%
South Sumatra Palembang
85%
East Kalimantan Samarinda
85%
Banten Serang
85%
Lampung Bandar Lampung
83%
Central Sulawesi Palu
81%
West Kalimantan Pontianak
81%
Maluku Ambon
79%
Batam
79%
Banjarmasin
77%
North Sulawesi Manado
77%
West Sumatra Padang
77%
Tangerang
77%
Central Kalimantan Palangka Raya
74%
Riau Pekanbaru
72%
Riau Islands Tanjung Pinang
72%
East Nusa Tenggara Kupang
68%
Bangka BelitungIslands Pangkal Pinang
68%
Bekasi
66%
Southeast Sulawesi Kendari
66%
Merauke
64%
Southwest Papua Sorong
64%
West Nusa Tenggara Mataram
62%
North Maluku Sofifi
62%
Ternate
62%
West Sulawesi Mamuju
55%
West Papua Manokwari
55%
Tarakan
55%
South Kalimantan Banjarbaru
53%
Central Papua Nabire
51%
North Kalimantan Tanjung Selor
51%
Timika
47%
Highland Papua Jayawijaya
45%
South Papua Salor
19%
No matching quizzes found
Score Distribution
Percent of People with Each Score
Percentile by Number Answered
Your Score History
You have not taken this quiz